Señas Nicas- desarrollo de una aplicación móvil de referencia y aprendizaje para el lenguaje de señas Nicaragüense LSN para sordos
El presente trabajo de investigación “señas Nicas”- desarrollo de una aplicación móvil de referencia y aprendizaje para el lenguaje de señas Nicaragua (LSN) para sordos” tiene su origen a partir de la necesidad de una aplicación que ayude a cerrar la brecha comunicativa entre la gente sorda y...
| Main Author: | |
|---|---|
| Other Authors: | |
| Format: | Tesis Section = Libro |
| Language: | Undetermined Spanish |
| Published: |
Managua
UNI
2018
|
| Subjects: |
| LEADER | 01276nam a2200265Ia 4500 | ||
|---|---|---|---|
| 008 | 240830s9999 xx 000 0 und d | ||
| 040 | |a BIBLIOTECA-RUSB/ Mon 005.1 M672 | ||
| 041 | |a spa | ||
| 082 | |a Mon 005.1 M672 | ||
| 100 | 1 | |a Miranda García, Marcos Iván | |
| 245 | 1 | 0 | |a Señas Nicas- desarrollo de una aplicación móvil de referencia y aprendizaje para el lenguaje de señas Nicaragüense LSN para sordos |
| 260 | |a Managua |b UNI |c 2018 | ||
| 300 | |a 41p. :il. | ||
| 500 | |a Contiene: CD | ||
| 502 | |a Tesis (Ingeniero en Computación) - UNI, 2018. | ||
| 520 | 3 | |a El presente trabajo de investigación “señas Nicas”- desarrollo de una aplicación móvil de referencia y aprendizaje para el lenguaje de señas Nicaragua (LSN) para sordos” tiene su origen a partir de la necesidad de una aplicación que ayude a cerrar la brecha comunicativa entre la gente sorda y la gente oyente, mediante la enseñanza del lenguaje de señas nicaragüense. | |
| 650 | 7 | |a SOFTWARE APLICACIÓN MÓVIL | |
| 650 | 7 | |b LENGUAJE DE SEÑAS | |
| 650 | 7 | |c SISTEMA DE COMUNICACIÓN | |
| 650 | 7 | |d APLICACIÓN MÓVILES | |
| 650 | 7 | |e TRANSMISIÓN DE DATOS | |
| 700 | 1 | |a Tutor: |b Silva Lizano, Grevin Alexander | |
| 942 | |c BK |2 ddc | ||
| 991 | |a TESIS | ||
| 999 | |c 19691 | ||